Ciencia y vida 4º : área de experiencia : EGB : libro del alumno

Guardado en:
Detalles Bibliográficos
Autor principal: Lavara Gros, Eliseo
Formato: Libro
Lenguaje:español
Publicado: Burgos : Editorial Santiago Rodríguez S.A., 1978
Edición:7a ed.
Catálogo:MANES:  Resultados de Búsqueda del Catálogo
Clasificación de libros de texto:
Etiquetas: Agregar Etiqueta
Sin Etiquetas, Sea el primero en etiquetar este registro!
Añadido a:2005-06-19
Cambiado en:2025-05-07

MARC

LEADER 00000nam a2200000 a 4500
001 .b3346626
003 ES-BaCBU
005 20250507130141.0
008 050620s1978 sp a b|l 001 ||spa|c
017 |a DL BU. 82-1978 
020 |a 8471383012 
035 |a 8471383012  |9 ES-BaUB001  |a 0883-88760  |9 ES-BaUB035 
040 |a ES-BaUB  |b cat  |c ES-BaUB 
100 1 |a Lavara Gros, Eliseo  |9 27044 
245 1 0 |a Ciencia y vida 4º :  |b área de experiencia : EGB : libro del alumno /  |c Eliseo Lavara Gros 
250 |a 7a ed. 
260 |a Burgos :  |b Editorial Santiago Rodríguez S.A.,  |c 1978 
300 |a 207 p.:  |b il. col. 
504 |a índex 
546 |a España 
561 |5 es-CRAI  |3 p1 TX EGB 6/4 HSR  |a España. Biblioteca Universitat de Barcelona  |k MANES 
690 0 |a CN  |a CS 
691 0 |a PRI 
856 |y Registro en Cercabib - CRAI 
942 |2 ddc  |c BK 
999 |c 89989  |d 89989 
999 |c manes:89989  |d 89989